現内閣 国務大臣 - Statistics

General Stats
  • This quiz has been taken 8 times
  • The average score is 7 of 19
Answer Stats
肩書き 本名 % Correct
内閣総理大臣 高市早苗
100%
総務大臣 林芳正
57%
外務大臣 茂木敏充
57%
財務大臣 片山さつき
57%
防衛大臣 小泉進次郎
57%
内閣府特命大臣(科学技術等) 小野田紀美
43%
法務大臣 平口洋
29%
文部科学大臣 松本洋平
29%
厚生労働大臣 上野賢一郎
29%
農林水産大臣 鈴木憲和
29%
国土交通大臣 金子恭之
29%
環境大臣内閣府特命大臣 石原宏高
29%
官房長官 木原稔
29%
デジタル大臣内閣府特命大臣 松本尚
29%
国家公安委員長内閣府特命大臣 赤間二郎
29%
内閣府特命大臣(財政改革等) 城内実
29%
経済産業大臣内閣府特命大臣 赤沢亮正
14%
復興大臣 牧野京夫
0%
内閣府特命大臣(少子化対策等) 黄川田仁志
0%
No matching quizzes found
Score Distribution
Percent of People with Each Score
Percentile by Number Answered
Your Score History
You have not taken this quiz